Marketing en el punto de venta
সংরক্ষণ করুন:
| প্রধান লেখক: | , |
|---|---|
| বিন্যাস: | গ্রন্থ |
| ভাষা: | স্প্যানিশ |
| প্রকাশিত: |
Madrid
McGraw-Hill
2000
|
| সংস্করন: | 1a. ed |
| মালা: | Ciclo Formativo
|
| বিষয়গুলি: | |
| ট্যাগগুলো: |
ট্যাগ যুক্ত করুন
কোনো ট্যাগ নেই, প্রথমজন হিসাবে ট্যাগ করুন!
|
MARC
| LEADER | 00000cam a2200000 a 4500 | ||
|---|---|---|---|
| 001 | UCD9033 | ||
| 003 | CL-VaPUC | ||
| 008 | 170602e20000000sp |||||||||||||||||spa|d | ||
| 020 | |a 8448126181 | ||
| 082 | 0 | 4 | |a 658.8 |b ESC |2 21 |
| 100 | 0 | |a Escrivá Monzó, Joan |e author |9 592710 | |
| 700 | 0 | |a Clar Bononad, Federico |e author |9 592711 | |
| 245 | 1 | 0 | |a Marketing en el punto de venta |
| 250 | |a 1a. ed | ||
| 300 | |a 206 p | ||
| 942 | |c BK | ||
| 945 | |d 20170602 23:29:00 |a dcastane | ||
| 260 | |a Madrid |b McGraw-Hill |c 2000 | ||
| 650 | 0 | |a Clientes |9 369499 | |
| 650 | 0 | |a Servicio al cliente |9 320800 | |
| 650 | 0 | |a Gestión de servicios |9 454827 | |
| 583 | |a last modification |c 20170602 23:29:00 |k Rodrigo Vera | ||
| 490 | 0 | |a Ciclo Formativo | |
| 999 | |c 368336 |d 368334 | ||